<?xml version="1.0" encoding="UTF-8"?>
<record
    xmlns:xsi="http://www.w3.org/2001/XMLSchema-instance"
    xsi:schemaLocation="http://www.loc.gov/MARC21/slim http://www.loc.gov/standards/marcxml/schema/MARC21slim.xsd"
    xmlns="http://www.loc.gov/MARC21/slim">

  <leader>03021nam a2200457 a 4500</leader>
  <controlfield tag="003">CHAP</controlfield>
  <controlfield tag="005">20240520125926.0</controlfield>
  <controlfield tag="007">ta</controlfield>
  <controlfield tag="008">220809s2020    mx eodbfr|||| 001 0 spa d</controlfield>
  <datafield tag="040" ind1=" " ind2=" ">
    <subfield code="a">mxchpua</subfield>
  </datafield>
  <datafield tag="090" ind1=" " ind2=" ">
    <subfield code="a">T.C.846</subfield>
    <subfield code="b">S99 EIUPA</subfield>
    <subfield code="c">2020</subfield>
  </datafield>
  <datafield tag="245" ind1="1" ind2="0">
    <subfield code="a">Empresa Rancho El Mogor /</subfield>
    <subfield code="c">coordinadores Rosa Guadalupe Szymaski Duque y Emmanuel Flores Gir&#xF3;n ; colaboradores Beatriz Adriana Ch&#xE1;vez Covarrubias...[et al.]</subfield>
  </datafield>
  <datafield tag="260" ind1=" " ind2=" ">
    <subfield code="a">Chapingo, M&#xE9;xico :</subfield>
    <subfield code="b">El autor,</subfield>
    <subfield code="c">2020</subfield>
  </datafield>
  <datafield tag="300" ind1=" " ind2=" ">
    <subfield code="a">144 hojas :</subfield>
    <subfield code="b">ilustraciones, mapas. gr&#xE1;ficas, diagramas, tablas, fotos, planos +</subfield>
    <subfield code="e">1 CD-ROM</subfield>
  </datafield>
  <datafield tag="336" ind1=" " ind2=" ">
    <subfield code="2">rdacontent</subfield>
    <subfield code="a">texto</subfield>
    <subfield code="b">txt</subfield>
  </datafield>
  <datafield tag="337" ind1=" " ind2=" ">
    <subfield code="2">rdamedia</subfield>
    <subfield code="a">mo mediado</subfield>
    <subfield code="b">n</subfield>
  </datafield>
  <datafield tag="338" ind1=" " ind2=" ">
    <subfield code="2">rdacarrier</subfield>
    <subfield code="a">volumen</subfield>
    <subfield code="b">nc</subfield>
  </datafield>
  <datafield tag="500" ind1=" " ind2=" ">
    <subfield code="a">Grado 7&#xB0; Grupo 3</subfield>
  </datafield>
  <datafield tag="502" ind1=" " ind2=" ">
    <subfield code="a">Viaje de Estudios</subfield>
    <subfield code="b">(EIUPA) --</subfield>
    <subfield code="c">UACh. Departamento de Ingenier&#xED;a Agroindustrial,</subfield>
    <subfield code="d">2020</subfield>
  </datafield>
  <datafield tag="504" ind1=" " ind2=" ">
    <subfield code="a">Bibliograf&#xED;a: h. 117-120</subfield>
  </datafield>
  <datafield tag="505" ind1="0" ind2=" ">
    <subfield code="a">Planos --
1. Planos Vino --
a) Plano de Distribuci&#xF3;n de &#xE1;reas del proceso de elaboraci&#xF3;n de vino (Esc. 1:45) --
b) Plano de Distribuci&#xF3;n de equipos para el proceso de elaboraci&#xF3;n de vino (Esc. 1:45) --
c) Plano de Distribuci&#xF3;n de equipos para el proceso de elaboraci&#xF3;n de vino (Propuesta) (Esc. 1:45) --
d) Plano de Diagrama del proceso de elaboraci&#xF3;n de vino (Esc. 1:45) --
e) Plano de Diagrama de recorrido del proceso de elaboraci&#xF3;n de vino (Propuesta) (Esc. 1:50) --
2. Planos Borregos para carne --
a) Plano del &#xE1;rea productiva (Esc. 1:2250) --
b) Plano de Distribuci&#xF3;n de &#xE1;reas de establo (Esc. 1:50) --
c) Plano de Distribuci&#xF3;n de &#xE1;reas de sacrificio (Esc. 1:15) --
d) Plano de Distribuci&#xF3;n de &#xE1;reas de bodega (Esc. 1:40) --
e) Plano de Distribuci&#xF3;n de &#xE1;reas de proceso de sacrificio (Propuesta) (Esc. 1:40)</subfield>
  </datafield>
  <datafield tag="650" ind1="1" ind2="3">
    <subfield code="a">Industria del vino  </subfield>
    <subfield code="z">M&#xE9;xico</subfield>
    <subfield code="z">Baja California</subfield>
  </datafield>
  <datafield tag="650" ind1="1" ind2="3">
    <subfield code="a">Cultivares de vino</subfield>
    <subfield code="x">Calidad de los cultivos</subfield>
    <subfield code="z">M&#xE9;xico</subfield>
    <subfield code="z">Baja California</subfield>
  </datafield>
  <datafield tag="650" ind1="1" ind2="3">
    <subfield code="9">156221</subfield>
    <subfield code="a">Calidad del vino  </subfield>
  </datafield>
  <datafield tag="650" ind1="1" ind2="3">
    <subfield code="a">Vinos</subfield>
    <subfield code="x">Organizaci&#xF3;n industrial y estructura de mercado</subfield>
  </datafield>
  <datafield tag="650" ind1="1" ind2="3">
    <subfield code="a">Ganado de carne</subfield>
    <subfield code="z">M&#xE9;xico</subfield>
    <subfield code="z">Baja California</subfield>
  </datafield>
  <datafield tag="650" ind1="1" ind2="3">
    <subfield code="9">185393</subfield>
    <subfield code="a">Raza de oveja Dorper</subfield>
  </datafield>
  <datafield tag="650" ind1="1" ind2="3">
    <subfield code="9">161153</subfield>
    <subfield code="a">Ganader&#xED;a de rancho</subfield>
  </datafield>
  <datafield tag="650" ind1="1" ind2="3">
    <subfield code="a">Wine industry  </subfield>
    <subfield code="z">Mexico</subfield>
    <subfield code="z">Baja California</subfield>
  </datafield>
  <datafield tag="650" ind1="1" ind2="3">
    <subfield code="a">Wine cultivars</subfield>
    <subfield code="x">Crop quality</subfield>
    <subfield code="z">Mexico</subfield>
    <subfield code="z">Baja California</subfield>
  </datafield>
  <datafield tag="650" ind1="1" ind2="3">
    <subfield code="9">156223</subfield>
    <subfield code="a">Wine quality  </subfield>
  </datafield>
  <datafield tag="650" ind1="1" ind2="3">
    <subfield code="a">Wines  </subfield>
    <subfield code="x">Industrial organization and market structure</subfield>
  </datafield>
  <datafield tag="650" ind1="1" ind2="3">
    <subfield code="a">Beef cattle</subfield>
    <subfield code="z">Mexico</subfield>
    <subfield code="z">Baja California</subfield>
  </datafield>
  <datafield tag="650" ind1="1" ind2="3">
    <subfield code="9">161156</subfield>
    <subfield code="a">Ranching</subfield>
  </datafield>
  <datafield tag="700" ind1="1" ind2=" ">
    <subfield code="a">Szymanski Duque, Rosa Guadalupe</subfield>
    <subfield code="e">coordinadora</subfield>
  </datafield>
  <datafield tag="700" ind1="1" ind2=" ">
    <subfield code="a">Flores Gir&#xF3;n, Emmanuel</subfield>
    <subfield code="e">coordinador</subfield>
    <subfield code="9">41560</subfield>
  </datafield>
  <datafield tag="700" ind1="1" ind2=" ">
    <subfield code="9">185309</subfield>
    <subfield code="a">Ch&#xE1;vez Covarrubias, Beatriz Adriana</subfield>
    <subfield code="e">colaboradora</subfield>
  </datafield>
  <datafield tag="856" ind1="4" ind2="1">
    <subfield code="u">http://10.13.5.2/ve/T_C_846_EIUPA/T_C_846_EIUPA_2020_PLANO_DIAGRAMAS_Y_PLANOS_1.pdf</subfield>
    <subfield code="y">DESCARGAR PLANOS VINO</subfield>
  </datafield>
  <datafield tag="856" ind1="4" ind2="1">
    <subfield code="u">http://10.13.5.2/ve/T_C_846_EIUPA/T_C_846_EIUPA_2020_PLANO_DIAGRAMA_Y_PLANOS_2.pdf</subfield>
    <subfield code="y">DESCARGAR PLANOS BORREGOS PARA CARNE</subfield>
  </datafield>
  <datafield tag="856" ind1="4" ind2="1">
    <subfield code="u">http://10.13.5.2/ve/T_C_846_EIUPA/T_C_846_EIUPA_2020_REPORTE.pdf</subfield>
    <subfield code="y">DESCARGAR REPORTE</subfield>
  </datafield>
  <datafield tag="999" ind1=" " ind2=" ">
    <subfield code="c">217588</subfield>
    <subfield code="d">217588</subfield>
  </datafield>
  <datafield tag="952" ind1=" " ind2=" ">
    <subfield code="0">0</subfield>
    <subfield code="1">0</subfield>
    <subfield code="2">local</subfield>
    <subfield code="4">0</subfield>
    <subfield code="5">1</subfield>
    <subfield code="7">0</subfield>
    <subfield code="8">VE</subfield>
    <subfield code="a">IA_</subfield>
    <subfield code="b">IA_</subfield>
    <subfield code="d">2022-08-09</subfield>
    <subfield code="e">El autor</subfield>
    <subfield code="l">0</subfield>
    <subfield code="o">T.C.846 S99 EIUPA 2020</subfield>
    <subfield code="p">1106013558</subfield>
    <subfield code="r">2026-01-26 00:00:00</subfield>
    <subfield code="t">Ej. 1</subfield>
    <subfield code="y">VE</subfield>
  </datafield>
  <datafield tag="952" ind1=" " ind2=" ">
    <subfield code="0">0</subfield>
    <subfield code="1">0</subfield>
    <subfield code="2">local</subfield>
    <subfield code="4">0</subfield>
    <subfield code="5">5</subfield>
    <subfield code="7">0</subfield>
    <subfield code="8">VE</subfield>
    <subfield code="a">IA_</subfield>
    <subfield code="b">IA_</subfield>
    <subfield code="d">2022-08-09</subfield>
    <subfield code="e">El autor</subfield>
    <subfield code="l">0</subfield>
    <subfield code="o">T.C.846 S99 EIUPA 2020</subfield>
    <subfield code="p">1106013559</subfield>
    <subfield code="r">2026-01-26 00:00:00</subfield>
    <subfield code="t">Ej. 2</subfield>
    <subfield code="y">VE</subfield>
  </datafield>
  <datafield tag="952" ind1=" " ind2=" ">
    <subfield code="0">0</subfield>
    <subfield code="1">0</subfield>
    <subfield code="2">local</subfield>
    <subfield code="4">0</subfield>
    <subfield code="5">1</subfield>
    <subfield code="7">0</subfield>
    <subfield code="8">VE</subfield>
    <subfield code="a">IA_</subfield>
    <subfield code="b">IA_</subfield>
    <subfield code="d">2022-08-09</subfield>
    <subfield code="e">El autor</subfield>
    <subfield code="l">0</subfield>
    <subfield code="o">T.C.846 S99 EIUPA 2020</subfield>
    <subfield code="p">1106013560</subfield>
    <subfield code="r">2022-08-09 00:00:00</subfield>
    <subfield code="t">Ej. 3</subfield>
    <subfield code="y">CD</subfield>
  </datafield>
  <datafield tag="952" ind1=" " ind2=" ">
    <subfield code="0">0</subfield>
    <subfield code="1">0</subfield>
    <subfield code="2">local</subfield>
    <subfield code="4">0</subfield>
    <subfield code="5">5</subfield>
    <subfield code="7">0</subfield>
    <subfield code="8">VE</subfield>
    <subfield code="a">IA_</subfield>
    <subfield code="b">IA_</subfield>
    <subfield code="d">2022-08-09</subfield>
    <subfield code="e">El autor</subfield>
    <subfield code="l">0</subfield>
    <subfield code="o">T.C.846 S99 EIUPA 2020</subfield>
    <subfield code="p">1106013561</subfield>
    <subfield code="r">2022-08-09 00:00:00</subfield>
    <subfield code="t">Ej. 4</subfield>
    <subfield code="y">CD</subfield>
  </datafield>
  <datafield tag="952" ind1=" " ind2=" ">
    <subfield code="0">0</subfield>
    <subfield code="1">0</subfield>
    <subfield code="2">local</subfield>
    <subfield code="4">0</subfield>
    <subfield code="7">0</subfield>
    <subfield code="8">VEE</subfield>
    <subfield code="a">IA_</subfield>
    <subfield code="b">IA_</subfield>
    <subfield code="c">E_L</subfield>
    <subfield code="d">2023-02-24</subfield>
    <subfield code="e">El autor</subfield>
    <subfield code="l">0</subfield>
    <subfield code="o">T.C.846 S99 EIUPA 2020</subfield>
    <subfield code="p">1206013558</subfield>
    <subfield code="r">2023-02-24 00:00:00</subfield>
    <subfield code="w">2023-02-24</subfield>
    <subfield code="y">VEE</subfield>
  </datafield>
</record>
